Lectures on Chevalley Groups
Guardado en:
| Autor principal: | |
|---|---|
| Formato: | Desconocido |
| Lenguaje: | inglés |
| Publicado: |
Providence, Rhode Island, Estados Unidos
American Mathematical Society
2016
|
| Colección: | University Lecture Series
v.66 |
| Materias: | |
| Etiquetas: |
Agregar Etiqueta
Sin Etiquetas, Sea el primero en etiquetar este registro!
|
MARC
| LEADER | 00000 a2200000 4500 | ||
|---|---|---|---|
| 003 | CL-VaPUC | ||
| 005 | 20230714082809.0 | ||
| 008 | 200302b ||||| |||| 00| 0 eng d | ||
| 999 | |c 416796 |d 416794 | ||
| 020 | |a 9781470431051 | ||
| 040 | |c Pontificia Universidad Católica de Valparaíso | ||
| 082 | |a 512.5 STE 2016 | ||
| 100 | 1 | |a Steinberg, Robert |9 719776 | |
| 245 | 1 | 0 | |a Lectures on Chevalley Groups |
| 260 | 3 | |b American Mathematical Society |c 2016 |a Providence, Rhode Island, Estados Unidos | |
| 300 | |a 160 p | ||
| 490 | 0 | |a University Lecture Series |v v.66 | |
| 583 | |k Cristina Rojas |c 20200302 | ||
| 650 | 0 | 0 | |a Álgebra lineal |9 260445 |
| 942 | |2 ddc |c BK | ||
| 952 | |0 0 |1 0 |2 ddc |4 0 |6 512_500000000000000_STE_2016 |7 0 |8 A |9 551498 |a BIBMAT |b BIBMAT |d 2020-02-27 |e 1 |g 36269.00 |i 5573270 |o 512.5 STE 2016 |p 5573270 |r 2025-01-07 |t 1 |v 36269.00 |w 2020-02-27 |y BK |k MAT | ||